Psychoterapia v škole

Úloha hry v psychickom vývine dieťaťa. Lego Dacta pri psychoterapii. Účinky.

Bibliographic Details
Main Authors: Hadasová, Katarína (Author), Fazekašová, Eva (Author)
Format: Article
Language:Slovak
Subjects:

MARC

LEADER 00000nab a2200000 a 4500
001 vtls001504608
003 SK-MaSNL
005 20260304210319.0
008 140302s1998 xo 000 0 slo
035 |a SPKCL6935 
040 |a SPKCL  |b slo  |c SNKBUCL  |d ÚIP-SPK(JD)  |e AACR2 
041 |a slo 
044 |a xo  |c SK 
080 |a 615.851:371.695:371.382  |2 1981 
100 1 |a Hadasová, Katarína  |4 aut  |9 800538 
245 1 0 |a Psychoterapia v škole  |c Katarína Hadasová; Eva Fazekašová 
520 |a Úloha hry v psychickom vývine dieťaťa. Lego Dacta pri psychoterapii. Účinky. 
650 0 7 |a psychoterapia  |2 SNKPH  |9 2575 
650 0 7 |a deti  |2 SNKPH  |9 773 
650 0 7 |a hra  |2 SNKPH  |9 19620 
700 1 1 |a Fazekašová, Eva  |4 aut  |9 800539 
773 1 |t Učiteľské noviny  |g Roč. 48, č. 18 (1998) s. 10 
850 |a Slovenská pedagogická knižnica Bratislava 
852 |a SPKCL  |b KIS3GCP  |b 000710000  |n SK 
999 |c 3125565  |d 3127495